| 000 | 00685nam a22001697a 4500 | ||
|---|---|---|---|
| 003 | MACL | ||
| 005 | 20151004154641.0 | ||
| 008 | 151004b xxu||||| |||| 00| 0 eng d | ||
| 040 | _cMACL | ||
| 041 | _aHindi | ||
| 082 | _a741.642 | ||
| 100 |
_4274/3 _aखन्ना, के सी _913755 |
||
| 245 | _a भारत मे विदेशी यात्री/हिमालया की चोटियों पर/विश्व को बदल देने वाले आविष्कार | ||
| 260 |
_aदिल्ली _bनेशनल बुक्स ट्रस्ट _c1971 |
||
| 650 |
_aचिल्ड्रन बुक्स _9343 |
||
| 942 |
_2ddc _cHIN |
||
| 999 |
_c50341 _d50341 |
||